000 01012nam a22003257a 4500
003 CHAP
005 20220817044514.0
008 120212s2011 it a rn 00010 eng d
010 _a102838
011 _a103810
020 _a9789251070130
035 _a114499
040 _cCHAP
082 0 0 _a641.2084
_aF21y
110 2 _aFAO
245 1 0 _aWorld livestock 2011 :
_blivestock in food security
_c/por FAO
260 _aRome :
_bFAO,
_c2011
300 _axii, 115, p. :
_bilus., gráfs., tablas
590 _aBATCH-UPD
_b10
_c20130110
_lUCH01
_h1557
590 _aBATCH-UPD
_b10
_c20130410
_lUCH01
_h0954
590 _aBATCH-UPD
_b10
_c20130914
_lUCH01
_h0225
590 _aCONVERSION
_b10
_c20130109
_lUCH01
_h1357
650 1 4 _aAlimentos y alimentacion del ganado.
_94326
650 1 4 _aAlimentos
_xCalidad.
650 1 4 _aGanadería.
_944604
650 1 4 _aProductos animales.
_992040
901 _aBK
942 _cLIBRO
949 _a636.2084 F21y
_bBC
_cFAO
_d33724002318165
_eFAO1
_gDonaciØn
_h116281
_i114499
_sb
999 _c102838
_d102838